000 00826nam a2200253Ia 4500
003 OSt
005 20220926013436.0
006 a|||||r|||| 00| 0
007 ta
008 220923b |||||||| |||| 00| 0 eng d
037 _cGeneral Book
040 _aRTL
_cRTL
_beng
041 _2eng
_aeng
082 _aX755:(Z, 3), H9.119-1
110 _aInternational Bank. for Reconstruction and development ans Sao Paulo (USA)
_9318275
245 0 _aProject funds agreement
_b Third railway project
260 _aNew York
_bI B R D USA
_c1975
300 _a6p.
_ccm.
500 _aLoan No : 1171 BR
650 _aForeign Loan
700 _aInternational Bank. for Reconstruction and development ans Sao Paulo (USA)
_9318276
942 _hX755:(Z, 3), H9.119-1
_cGB
_2CC
999 _c625966
_d625966